| 000 | 00579nam a2200169Ia 4500 | ||
|---|---|---|---|
| 003 | LK-CoDNM | ||
| 008 | 140723t2019 xxu||||| |||| 00| 1 sin d | ||
| 020 |
_a _a9789558040849 |
||
| 040 |
_aLK-CoDNM _dLK-CoDNM _eLK-CoDNM |
||
| 041 | _asin | ||
| 080 |
_a294.3 _bCHA |
||
| 100 |
_aචන්දකිත්ති හිමි, තලල්ලේ _vChandakiththi Himi,Thalalle |
||
| 245 | _aධම්මචක්කප්පවත්තන සූත්රය | ||
| 246 | _aDammachakkappawaththana Suuthraya | ||
| 260 |
_bNarada Baudda Maddiyasthanaya _aColombo _c2019 |
||
| 942 | _cBK | ||
| 999 |
_c80206 _d80206 |
||